书目信息 |
| 题名: |
国民党那个时代
|
|
| 作者: | 邢超 著 | |
| 分册: | 上 | |
| 出版信息: | 北京 中国文史出版社 2012.07 |
|
| 页数: | 344页 | |
| 开本: | 26cm | |
| 丛书名: | ||
| 单 册: | ||
| 中图分类: | D693.74 | |
| 科图分类: | ||
| 主题词: | 党史 | |
| 电子资源: | ||
| ISBN: | 978-7-5034-3197-5 | |
| 000 | 00870nam0 2200253 450 | |
| 001 | 010050037799 | |
| 005 | 20130427082121.54 | |
| 010 | @a978-7-5034-3197-5@dCNY59.00,CNY118.00(全2册) | |
| 100 | @a20120711d2012 em y0chiy50 ea | |
| 101 | 0 | @achi |
| 102 | @aCN@b110000 | |
| 105 | @aa z 000yy | |
| 106 | @ar | |
| 200 | 1 | @a国民党那个时代@9guo min dang na ge shi dai@h上@e1919-1949@e图文典藏版@f邢超著 |
| 210 | @a北京@c中国文史出版社@d2012.07 | |
| 215 | @a344页@c照片@d26cm | |
| 330 | @a本书作者从1919年孙中山先生重组国民党开始写起,记述了国民党在大陆三十年“其兴也勃,其亡也忽”的兴衰过程,以现在的语境重现了民国时期跌宕起伏的历史风貌。 | |
| 601 | 02 | @a中国国民党@x党史@z1919-1949 |
| 601 | 02 | @a中国国民党 |
| 606 | 0 | @a党史 |
| 690 | @aD693.74@v5 | |
| 701 | 0 | @a邢超@9xing chao@4著 |
| 801 | 0 | @aCN@bRENTIAN@c20120711 |
| 905 | @b542159-60@dD693.74@e195:1@f2 | |
| 国民党那个时代.上:1919-1949:图文典藏版/邢超著.-北京:中国文史出版社,2012.07 |
| 344页:照片;26cm |
| ISBN 978-7-5034-3197-5:CNY59.00,CNY118.00(全2册) |
| 本书作者从1919年孙中山先生重组国民党开始写起,记述了国民党在大陆三十年“其兴也勃,其亡也忽”的兴衰过程,以现在的语境重现了民国时期跌宕起伏的历史风貌。 |
| ● |
| 相关链接 |
|
|
|
|
正题名:国民党那个时代
索取号:D693.74/195:1
 
预约/预借
| 序号 | 登录号 | 条形码 | 馆藏地/架位号 | 状态 | 备注 |
| 1 | 542159 | 205421596 | 第一样本阅览室/ [索取号:D693.74/195:1] | 在馆 | |
| 2 | 542160 | 205421603 | 第一借阅区/ [索取号:D693.74/195:1] | 在馆 |